<?xml version="1.0" encoding="UTF-8"?>
<record
    xmlns:xsi="http://www.w3.org/2001/XMLSchema-instance"
    xsi:schemaLocation="http://www.loc.gov/MARC21/slim http://www.loc.gov/standards/marcxml/schema/MARC21slim.xsd"
    xmlns="http://www.loc.gov/MARC21/slim">

  <leader>04203nam a2200313 i 4500</leader>
  <controlfield tag="003">CSPC</controlfield>
  <controlfield tag="005">20260429150727.0</controlfield>
  <controlfield tag="008">260428s2024    nyua     b    001 0 eng d</controlfield>
  <datafield tag="020" ind1=" " ind2=" ">
    <subfield code="a">9781984688569</subfield>
  </datafield>
  <datafield tag="040" ind1=" " ind2=" ">
    <subfield code="a">CSPC</subfield>
    <subfield code="b">eng</subfield>
    <subfield code="c">CSPC</subfield>
    <subfield code="e">rda</subfield>
  </datafield>
  <datafield tag="050" ind1="0" ind2="0">
    <subfield code="a">TX928</subfield>
    <subfield code="b">.L445 2024</subfield>
  </datafield>
  <datafield tag="082" ind1="0" ind2="0">
    <subfield code="a">647.94068</subfield>
    <subfield code="b">L525h</subfield>
  </datafield>
  <datafield tag="100" ind1="1" ind2=" ">
    <subfield code="a">Legler, Daniel, </subfield>
    <subfield code="e">author.</subfield>
  </datafield>
  <datafield tag="245" ind1="1" ind2="0">
    <subfield code="a">Housekeeping operations / </subfield>
    <subfield code="c">Daniel Legler. </subfield>
  </datafield>
  <datafield tag="250" ind1=" " ind2=" ">
    <subfield code="a">2nd edition. </subfield>
  </datafield>
  <datafield tag="264" ind1=" " ind2="1">
    <subfield code="a">New York : </subfield>
    <subfield code="b">3G E-Learning, </subfield>
    <subfield code="c">2024.</subfield>
  </datafield>
  <datafield tag="300" ind1=" " ind2=" ">
    <subfield code="a">x, 320 pages : </subfield>
    <subfield code="b">illustrations ; </subfield>
    <subfield code="c">26 cm. </subfield>
  </datafield>
  <datafield tag="336" ind1=" " ind2=" ">
    <subfield code="2">rdacontent</subfield>
    <subfield code="a">text</subfield>
  </datafield>
  <datafield tag="337" ind1=" " ind2=" ">
    <subfield code="2">rdamedia</subfield>
    <subfield code="a">unmediated</subfield>
  </datafield>
  <datafield tag="338" ind1=" " ind2=" ">
    <subfield code="2">rdacarrier</subfield>
    <subfield code="a">volume</subfield>
  </datafield>
  <datafield tag="504" ind1=" " ind2=" ">
    <subfield code="a">Includes bibliographical references and index.</subfield>
  </datafield>
  <datafield tag="505" ind1="0" ind2=" ">
    <subfield code="a">The housekeeping profession and the principles of management -- Planning, organizing, and staffing the new organization -- Material and operational planning -- Directing and controlling ongoing housekeeping operation -- Swimming pool operation and management -- Housekeeping in other venues -- Laundry operations -- Preventive and breakdown maintenance operations. </subfield>
  </datafield>
  <datafield tag="520" ind1=" " ind2=" ">
    <subfield code="a">"Hotels and establishments providing accommodation strive to offer their customers clean, attractive, comfortable, and welcoming surroundings that give them value for their money. The importance of cleanliness in the hospitality industry cannot be underestimated; it speaks louder than any level of service, friendliness, or glamour. When a guest walks into a spotless room that is tidy and strategically arranged, they experience a sensation like no other. Both management and guests consider maintaining cleanliness and order as essential for hotels to command fair prices and earn repeat business. According to a survey conducted, 63% of travelers rated cleanliness and appearance as their top priority when choosing hotels. It is evident how crucial it is for the housekeeping department to take pride in keeping the hotel clean and comfortable so that guests feel at home during their stay. Housekeeping serves as the backbone of the accommodation sector because its main goal is to provide an environment that is clean, comfortable, safe, and aesthetically pleasing. Operating as one of the essential departments within a hotel establishment, housekeeping takes responsibility for maintaining cleanliness levels in rooms, public areas, back areas as well as surrounding spaces. Perhaps what sets this aspect apart is recognizing that aside from accommodations alone; various services contribute significantly towards earning revenues such as food sales along with minor services such as laundry facilities or health clubs provided byhotels. Contributing greatly to a property's overall reputation lies within good housekeeping practices which operate on an around-the-clock basis all year round. Scientifically managing housekeeping necessitates employing effective cleaning materials with appropriate procedures while paying meticulous attention towards purchasing suitable linen supplies along with frequent maintenance checks of decorative area sunder the jurisdiction of housekeeping department among several other responsibilities covered under organization supervision protocols. Apart from hotels themselves witnessing firsthand benefits resulting from superior housekeeping endeavors; hospitals, corporate buildings airports airlines cruisers banks shopping arcades all express favoritism toward outsourced contract housekeepers indicating tremendous potential growth prospects awaiting the housekeeping service sector. The demand for professional housekeeping services continues to soar with every passing day signifying a lucrative business venture that modern entrepreneurs intend on capitalizing upon. The book "Housekeeping Operations 2nd edition" is structured into eight chapters, each providing a unique focus on different aspects of the housekeeping profession and its administration"-- Back cover.</subfield>
  </datafield>
  <datafield tag="650" ind1=" " ind2="0">
    <subfield code="a">Housekeeping</subfield>
    <subfield code="x">Management.</subfield>
  </datafield>
  <datafield tag="650" ind1=" " ind2="0">
    <subfield code="a">Hotel housekeeping.</subfield>
  </datafield>
  <datafield tag="710" ind1="1" ind2=" ">
    <subfield code="a">3G E-Learning.</subfield>
  </datafield>
  <datafield tag="942" ind1=" " ind2=" ">
    <subfield code="2">ddc</subfield>
    <subfield code="n">0</subfield>
    <subfield code="c">BK</subfield>
    <subfield code="h">647.94068</subfield>
    <subfield code="i">L525h</subfield>
    <subfield code="k">CIR</subfield>
    <subfield code="m">2024</subfield>
  </datafield>
  <datafield tag="952" ind1=" " ind2=" ">
    <subfield code="0">0</subfield>
    <subfield code="1">0</subfield>
    <subfield code="2">ddc</subfield>
    <subfield code="4">0</subfield>
    <subfield code="7">0</subfield>
    <subfield code="a">CSPC</subfield>
    <subfield code="b">CSPC</subfield>
    <subfield code="c">CIR</subfield>
    <subfield code="d">2026-04-28</subfield>
    <subfield code="l">0</subfield>
    <subfield code="o">CIR 647.94068 L525h 2024</subfield>
    <subfield code="p">031663</subfield>
    <subfield code="r">2026-04-28 16:29:51</subfield>
    <subfield code="t">1-1</subfield>
    <subfield code="w">2026-04-28</subfield>
    <subfield code="y">BK</subfield>
  </datafield>
  <datafield tag="999" ind1=" " ind2=" ">
    <subfield code="c">32453</subfield>
    <subfield code="d">32453</subfield>
  </datafield>
</record>
